zpět

Detail výsledku týmu

MaxWilliam, Znojmo

Datum a čas kvízu

27 Celkem bodů Celkový počet nahraných bodů na tomto kvízu bez doplňovacích otázek.
8. Pořadí na kvízu Konečné umístění týmu na tomto kvízu.

Zaznamenané odpovědi

# Otázka Odpověď Body Výsledky
1. Minulý týden byli jmenováni dv... D 0
2. Malajsie a Indonésie se jako p... Grok 0
3. Jakub Hrůša získal minulý týde... dirigent (hudební ředitel) 0
4. Firma Mattel uvedla na trh nov... C 1
5. Stáj formule 1 Red Bull minulý... Martin Šonka 0
6. Vaším úkolem v tématu bude odh... červenou, bílou 0
7. Teď se podíváme na domácí fotb... tři 1
8. Pojďme na hokej. Olomoucký koh... červenou 1
9. Na základě zobrazených barev l... New York Knicks 0
10. Které americké město oslavuje... Pittsburgh 0